Modi@20dreams meet delivery (Record no. 353599)

MARC details
000 -LEADER
fixed length control field 00418nam a22001697a 4500
005 - DATE AND TIME OF LATEST TRANSACTION
control field 20230719115644.0
008 - FIXED-LENGTH DATA ELEMENTS--GENERAL INFORMATION
fixed length control field 230719b |||||||| |||| 00| 0 eng d
020 ## - INTERNATIONAL STANDARD BOOK NUMBER
International Standard Book Number 9789355203632
041 ## - LANGUAGE CODE
Language code of text/sound track or separate title eng
082 ## - DEWEY DECIMAL CLASSIFICATION NUMBER
Edition number 1
100 ## - MAIN ENTRY--PERSONAL NAME
Author Bluekraft digital foundation
245 ## - TITLE STATEMENT
Title Modi@20dreams meet delivery
260 ## - PUBLICATION, DISTRIBUTION, ETC.
Place of publication, distribution, etc. Rupa Publication, New Delhi
300 ## - PHYSICAL DESCRIPTION
Extent 460pg.
942 ## - ADDED ENTRY ELEMENTS (KOHA)
Koha item type Books
Holdings
Withdrawn status Lost status Source of classification or shelving scheme Damaged status Not for loan Home library Current library Date acquired Full call number Barcode Date last seen Discount Bill Date Koha item type
    Dewey Decimal Classification     Manilal Nanavati Vocational Training Institute Pune Manilal Nanavati Vocational Training Institute Pune 19/07/2023 /BLU/2032 MNVT-BK-2032 19/07/2023 1 19/07/2023 Books